00523nam a2200193 a 4500001001300000003000900013005001700022008004100039020001000080082001700090100002500107245005500132260003500187300001000222500003500232505001200267650002500279700002500304nice12345678IN_TiNIC20260116011355.0050524s1958 luca grp 000 0 urd  ac10000a297.09bABBT aAbbasi, Mahmud Ahmad aTahqiq Mazeed Basilsila Khilafat-E-Muawia-O-Yazid. aLucknowbMaktaba Tajallic1958 a400p. aincludes index and biblioraphy2 aIndexes aIslam-History-Muawia1 aAbbasi, Mahmud Ahmad